1367 1803 1057 1025 1607 1728 1676 1851 1818 1903 1828 1204 1372 1512 1697 1895 1776 1648 1145 1462 1226 1967 1901 1795 1849 1544 1455 1924 1378 1429 1194 1138 1020 1804 1459 1919 1456 1587 1703 1075 1077 1227 1367 1360 1587 1821 1112 1752 1746 1299 1821 1891 1102 1635 1859 1356 1330 1468 1735 1443 1617 1103 1222 1863 1410 1173 1378 1507 1541 1285 1853 1335 1225 1880 1632 1281 1585 1980 1239 1776 1003 1880 1013 1863 1529 1955 1791 1563 1094 1975 1765 1976 1640 1157 1798 1529 1883 1183 1795 BCNSPRNW ULIB Ver.6.0+V

เปลี่ยนเป็นภาษาไทย

Change to English
 แสดงรายละเอียดบรรณานุกรม
  กลับหน้าหลัก

Brief Record : Get Marc (ISO 2709) : E-mail record : QR code < ปิดหน้าต่าง
LEADER : 00000nam 2200000uu 4500
001    13399123959
003     ULIB
008    141215s2556||||th 000 0 tha d
020    ^a9789744226914
060 04 ^aWI750^bห459
110 1  กรมการแพทย์.^bโรงพยาบาลราชวิถี.^bกลุ่มงานศัลยศาสตร์.^bงานศัลยศาสตร์ทั่วไป.^bศูนย์ส่องกล้องทางเดินอาหาร.
245 00 ^aหัตถการการส่องกล้องระบบทางเดินน้ำดีและตับอ่อน =^bPractical ERCP /^c[บรรณาธิการ] สุกิจ พันธุ์พิมานมาศ, ทวี รัตนชูเอก
246 31 ^aPractical ERCP
250    ^aพิมพ์ครั้งที่ 1
260    ^aกรุงเทพฯ :^bกรุงเทพเวชสาร,^c2556
300    ^aก-ง, 108 หน้า :^bภาพประกอบสี ;^c25 ซม.
650  2 ^aCholangiopancreatography, Endoscopic Retrograde
650  4 ^aทางเดินน้ำดี^xศัลยกรรมส่องกล้อง
650  4 ^aตับอ่อน^xศัลยกรรมส่องกล้อง
650  4 ^aการส่องกล้อง
650  4 ^aศัลยกรรมส่องกล้อง
700 0  ^aสุกิจ พันธุ์พิมานมาศ,^eบรรณาธิการ
700 0  ^aทวี รัตนชูเอก,^eบรรณาธิการ
945    ^p600^l0^i22783
945    ^p600^l0^i22784
999    ^aทศพร เกษรทอง
รายการนี้ยังไม่มีแท็ก
คุณยังไม่ได้ล็อกอิน คุณสามารถมีกิจกรรมร่วมกับเว็บไซต์ได้ แต่ต้องล็อกอินก่อน ::
  ล็อกอิน

รายการสื่อสารสนเทศ

ลำดับที่ ประเภท เลขเรียก/บาร์โค้ด สถานที่ สถานะ
1. วิทยาศาสตร์การแพทย์ และสุขภาพ
วิทยาศาสตร์การแพทย์ และสุขภาพ
สถานะ=หนังสือเก่า
WI750 ห459 ฉ.1 
  Barcode: 22783
ห้องสมุดวิทยาเขตนครสวรรค์
►ส่วนจัดเก็บหนังสือเก่า นว.
บนชั้น
  ขอยืม
2. วิทยาศาสตร์การแพทย์ และสุขภาพ
วิทยาศาสตร์การแพทย์ และสุขภาพ
สถานะ=หนังสือเก่า
WI750 ห459 ฉ.2 
  Barcode: 22784
ห้องสมุดวิทยาเขตนครสวรรค์
►ส่วนจัดเก็บหนังสือเก่า นว.
บนชั้น
  ขอยืม

รายการใกล้เคียง
    หัวเรื่อง [Cholangiopancreatography, Endoscopic Retrograde]
    หัวเรื่อง [การส่องกล้อง]
    หัวเรื่อง [ศัลยกรรมส่องกล้อง]

BibComment


ยังไม่เคยถูกคอมเมนท์

คอมเมนท์ทรัพยากรรายการนี้
  คอมเมนท์: หัตถการการส่องกล..


 Copyright 2026. Bcnsprnw @Library